00645nam a22002057a 4500001000500000005001700005008004100022020001800063040002900081050001300110082000800123100002500131245010500156260002900261300003400290505000600324520006300330521002700393521001900420123320230808165647.0230808b cb ||||| |||| 00| 0 eng d a9781445465814 aFISKHbengcFISKHdFISKH aPZ8.B815 a080 aBrown, Margaret Wise aGoodnight little onecby Margaret Wise Brown author of goodnight moond illustrated by Rebecca Elliot aBath :bParragon,c2012. a26 unnumbered Pages :c30 cm. aF aJoin a variety of animals as they settle in for the night. a400 bLexile estimate aF bRaz-Plus